000 00370 a2200169 4500
001 189093
020 _a978-85-851605-406-9
040 _cMagnum
100 _aBandeira, Pedro
240 1 0 _aFábulas palpitadas
_lpor
245 1 0 _aFábulas palpitadas
300 _a64
362 0 _a2007
440 1 _aModerna
697 _aLITERATURA INFANTO-JUVENIL
942 _cBK
999 _c189093
_d189093